00397nam a2200133Ia 4500008004000000020001900040082001500059100002300074245006200097260004900159300001300208440000600221650003600227210210b2001 xxu||||| |||| 00| 0 eng d a81 57958 091 2 a300.3 MICE aMICHIE (Jonathan). aEncyclopaedia of social sciences a reader's guide. Vol 3. aLondon.bFitzroy Dearborn Publishers.,c2001 axxx,1444 a3 aEncyclopaedia Social Sciences